[Event "TCh-RUS Women 2018"]
[Site "Sochi RUS"]
[Date "2018.05.10"]
[Round "9.3"]
[Board "3"]
[White "Styazhkina, Anna"]
[Black "Baiburina, Kamilla"]
[Result "1-0"]
[WhiteTitle "WIM"]
[WhiteElo "2299"]
[BlackElo "1860"]
[WhiteTeam "SShOR St. Petersburg"]
[BlackTeam "Tolpar"]
[WhiteFideId "24119300"]
[BlackFideId "34109584"]
[EventDate "2018.05.01"]

1. e4 d6 2. d4 e5 3. Ne2 Nd7 4. Nbc3 Ngf6 5. h3 Be7 6. g4 h6 7. Bg2 c6 8. a4 a5
9. Be3 Qc7 10. O-O exd4 11. Nxd4 Nc5 12. Qd2 Be6 13. Nxe6 Nxe6 14. Ne2 Rd8 15.
f4 Nc5 16. Ng3 d5 17. Qf2 b6 18. e5 Nfd7 19. Nf5 Bf8 20. Rae1 Ne4 21. Bxe4 dxe4
22. Bd4 Nc5 23. Nd6+ Bxd6 24. exd6 Qxd6 25. Bxg7 Rg8 26. Be5 Qd2 27. Re2 Qd7 28.
Bf6 Rc8 29. Rd2 Qe6 30. Qd4 Nd7 31. f5 Qd5 32. Qe3 Qc5 33. Bd4 Qe7 34. f6 Qe6
35. Rf4 Qd5 36. Rxe4+ Kd8 37. Bxb6+ 1-0

[Event "TCh-RUS Women 2018"]
[Site "Sochi RUS"]
[Date "2018.05.10"]
[Round "9.3"]
[Board "4"]
[White "Kudrjushova, Elena"]
[Black "Balaian, Alina"]
[Result "0-1"]
[BlackTitle "WIM"]
[WhiteElo "1720"]
[BlackElo "2228"]
[WhiteTeam "Tolpar"]
[BlackTeam "SShOR St. Petersburg"]
[WhiteFideId "24186635"]
[BlackFideId "24115347"]
[EventDate "2018.05.01"]

1. e4 e6 2. d4 d5 3. Nd2 Nf6 4. e5 Nfd7 5. f4 c5 6. Ndf3 Nc6 7. c3 Qb6 8. g3 Be7
9. Bh3 cxd4 10. cxd4 Bb4+ 11. Kf1 f6 12. Bxe6 Ncxe5 13. Bxd5 Qb5+ 14. Qe2 Qxd5
15. dxe5 fxe5 16. Nxe5 Nxe5 17. Qh5+ g6 18. Qxe5+ Qxe5 19. fxe5 O-O+ 20. Kg2 Be6
21. Nf3 Rxf3 22. Kxf3 Bd5+ 23. Ke2 Bxh1 0-1

[Event "TCh-RUS Women 2018"]
[Site "Sochi RUS"]
[Date "2018.05.04"]
[Round "4.5"]
[Board "4"]
[White "Ivanova, Karina"]
[Black "Nasybullina, Dayana"]
[Result "1-0"]
[WhiteTitle "WFM"]
[WhiteElo "2128"]
[BlackElo "1801"]
[WhiteTeam "Devyataya gorizontal Moscow"]
[BlackTeam "Yuzny Ural 2"]
[WhiteFideId "24139750"]
[BlackFideId "34127280"]
[EventDate "2018.05.01"]

1. d4 Nf6 2. c4 e6 3. Nc3 Bb4 4. e3 c5 5. Ne2 b6 6. a3 Ba5 7. Rb1 Na6 8. Qa4 Bb7
9. b4 Bc6 10. b5 Be4 11. Rb2 cxd4 12. exd4 Nc7 13. Bd2 Bb7 14. Nf4 O-O 15. Bd3
d6 16. O-O e5 17. Nfe2 Ne6 18. d5 Nc5 19. Qc2 Re8 20. Ng3 Bxc3 21. Bxc3 Nxd3 22.
Qxd3 Rc8 23. Nf5 g6 24. Ne3 Nd7 25. Re2 Nc5 26. Qc2 Rc7 27. f4 f6 28. Ng4 Bc8
29. Nh6+ Kg7 30. fxe5 fxe5 31. Ref2 Kxh6 32. Rf7 Bf5 33. Bd2+ 1-0

[Event "TCh-RUS Women 2018"]
[Site "Sochi RUS"]
[Date "2018.05.05"]
[Round "5.4"]
[Board "4"]
[White "Bulatova, Kamaliya"]
[Black "Baiburina, Kamilla"]
[Result "1/2-1/2"]
[WhiteTitle "WFM"]
[WhiteElo "2121"]
[BlackElo "1860"]
[WhiteTeam "Ladya Tatarstan"]
[BlackTeam "Tolpar"]
[WhiteFideId "34111546"]
[BlackFideId "34109584"]
[EventDate "2018.05.01"]

1. d4 Nf6 2. c4 e6 3. Nc3 Bb4 4. e3 b6 5. Ne2 Bb7 6. a3 Be7 7. Ng3 d6 8. e4 Nbd7
9. Bd3 e5 10. d5 O-O 11. O-O Re8 12. Nf5 Bf8 13. Qf3 Rc8 14. Bg5 h6 15. Bd2 Ba6
16. b4 Nh7 17. h4 Qf6 18. Qg4 Kh8 19. Nxh6 gxh6 20. Qxd7 Be7 21. Qh3 Rg8 22. f4
exf4 23. Rxf4 Qg7 24. Raf1 Rcf8 25. Ne2 Bc8 26. Qf3 Bg4 27. Bc3 f6 28. Qg3 h5
29. Nd4 Qf7 30. Qe3 Bd7 31. Nf5 Bxf5 32. Rxf5 Rg6 33. Be1 Rfg8 34. g3 Bf8 35.
Kh2 Bh6 36. Qf3 Rg4 37. e5 dxe5 38. Rxe5 Bf4 39. gxf4 fxe5 40. Bxh7 Rxf4 41.
Bxg8 Rxf3 42. Bxf7 Rxf1 43. Bg3 Rxf7 44. Bxe5+ Kh7 45. Kg3 Kg6 46. d6 cxd6 47.
Bxd6 Kf5 48. c5 Ke6 49. a4 Kd5 50. a5 bxa5 51. bxa5 a6 52. Kh3 Kc6 53. Kg3 Rf1
54. Be7 Rg1+ 55. Kf4 Rg4+ 56. Kf5 Rg8 57. Kf6 Kb5 58. Kf7 Rg2 59. Bd8 Kxc5 60.
Kf6 Kb5 61. Kf5 Rg8 62. Bc7 Rg4 63. Bd8 Rd4 64. Bg5 Rd6 65. Be7 Rd5+ 66. Kg6
Kxa5 67. Bg5 Kb4 68. Kxh5 a5 69. Kg4 a4 70. Bf6 a3 71. h5 a2 72. h6 1/2-1/2

[Event "TCh-RUS Women 2018"]
[Site "Sochi RUS"]
[Date "2018.05.07"]
[Round "6.5"]
[Board "4"]
[White "Kalashnikova, Elena"]
[Black "Denikina, Natalia"]
[Result "0-1"]
[BlackTitle "WFM"]
[WhiteElo "1785"]
[BlackElo "2174"]
[WhiteTeam "Zhiguli"]
[BlackTeam "Yuzny Ural Chelyabinsk"]
[WhiteFideId "24133418"]
[BlackFideId "4135563"]
[EventDate "2018.05.01"]

1. e4 c5 2. Nf3 d6 3. Bb5+ Nd7 4. c3 Nf6 5. d3 g6 6. O-O Bg7 7. Re1 e5 8. Nbd2
O-O 9. Nf1 a6 10. Bxd7 Bxd7 11. Bg5 h6 12. Bd2 Bc6 13. Qc1 Kh7 14. Ng3 Re8 15.
h4 d5 16. h5 dxe4 17. dxe4 c4 18. Nh2 Qd7 19. Qc2 Rad8 20. Rad1 Qe6 21. b3 Rd6
22. f4 exf4 23. e5 fxg3 24. Nf3 Bxf3 25. exd6 Be4 26. Bf4 Qg4 27. Rxe4 Rxe4 28.
d7 Nxd7 29. Qxe4 Qxd1+ 0-1

[Event "TCh-RUS Women 2018"]
[Site "Sochi RUS"]
[Date "2018.05.08"]
[Round "7.4"]
[Board "2"]
[White "Lysenko, Margarita"]
[Black "Gutkovich, Polina"]
[Result "1/2-1/2"]
[WhiteTitle "WFM"]
[WhiteElo "2220"]
[BlackElo "2057"]
[WhiteTeam "Moskovskaya oblast"]
[BlackTeam "Zhiguli"]
[WhiteFideId "34100200"]
[BlackFideId "34111597"]
[EventDate "2018.05.01"]

1. d4 d5 2. c4 c6 3. Nc3 Nf6 4. e3 e6 5. Nf3 Nbd7 6. Bd3 dxc4 7. Bxc4 b5 8. Bd3
Bb7 9. e4 b4 10. Na4 c5 11. e5 Nd5 12. O-O cxd4 13. Nxd4 Nxe5 14. Bb5+ Nd7 15.
Qh5 Nf6 16. Nxe6 Nxh5 17. Nxd8 Rxd8 18. Re1+ Be7 19. Nc5 Bc8 20. Bg5 Nf6 21.
Rad1 a6 22. Ba4 h6 23. Bxf6 gxf6 24. Nxd7 Bxd7 25. Rxd7 Rxd7 26. Rd1 O-O 27.
Rxd7 Re8 28. g3 Kf8 29. Ra7 Rd8 30. Rxa6 Rd2 31. Rc6 Rxb2 32. Bb3 Rd2 33. Rc2
Rxc2 34. Bxc2 Bc5 35. Kg2 Ke7 36. f4 Bb6 37. Kf3 Bc5 38. h3 Bg1 39. Ke4 Bf2 40.
g4 Be1 41. Kd5 Bd2 1/2-1/2

[Event "TCh-RUS Women 2018"]
[Site "Sochi RUS"]
[Date "2018.05.09"]
[Round "8.4"]
[Board "3"]
[White "Kryukova, Irina"]
[Black "Nasybullina, Alfia"]
[Result "1-0"]
[WhiteTitle "WGM"]
[BlackTitle "WFM"]
[WhiteElo "2261"]
[BlackElo "2140"]
[WhiteTeam "Moskovskaya oblast"]
[BlackTeam "Yuzny Ural Chelyabinsk"]
[WhiteFideId "4109228"]
[BlackFideId "4132416"]
[EventDate "2018.05.01"]

1. e4 e6 2. d4 d5 3. Bd3 dxe4 4. Bxe4 Nf6 5. Bf3 c5 6. Ne2 Nc6 7. Be3 cxd4 8.
Nxd4 Ne5 9. Nc3 Bb4 10. Nb5 Nxf3+ 11. Qxf3 O-O 12. a3 Bxc3+ 13. Nxc3 Nd5 14.
O-O-O Qc7 15. Nxd5 exd5 16. Qxd5 Be6 17. Qc5 Qxc5 18. Bxc5 Rfc8 19. Be3 b5 20.
Rd4 a5 21. Rhd1 h6 22. Kb1 Kh7 23. g4 Rc4 24. Rxc4 Bxc4 25. b3 Be6 26. Rd4 a4
27. Kb2 Kg8 28. Rb4 Bd7 29. h3 axb3 30. cxb3 Kf8 31. Bc5+ Kg8 32. Rd4 Be8 33.
Kc3 f6 34. Kb4 Rb8 35. Rd6 Kf7 36. f4 Rb7 37. Rd8 f5 38. gxf5 Rd7 39. Rxd7+ Bxd7
40. Bd4 h5 41. h4 Kf8 42. f6 gxf6 43. Bxf6 Kf7 44. Bd8 Ke6 45. a4 bxa4 46. bxa4
Kd5 47. a5 Kc6 48. a6 Bg4 49. Ka5 Bf5 50. Bb6 Bd3 51. a7 Kb7 52. Kb4 Be4 53. Kc5
Ka6 54. f5 1-0

[Event "TCh-RUS Women 2018"]
[Site "Sochi RUS"]
[Date "2018.05.10"]
[Round "9.4"]
[Board "3"]
[White "Kryukova, Irina"]
[Black "Markelova, Lubov"]
[Result "1/2-1/2"]
[WhiteTitle "WGM"]
[BlackTitle "WFM"]
[WhiteElo "2261"]
[BlackElo "2127"]
[WhiteTeam "Moskovskaya oblast"]
[BlackTeam "Ladya Tatarstan"]
[WhiteFideId "4109228"]
[BlackFideId "24131369"]
[EventDate "2018.05.01"]

1. e4 e6 2. d4 d5 3. Bd3 dxe4 4. Bxe4 Nf6 5. Bf3 c5 6. Ne2 Nc6 7. Be3 cxd4 8.
Nxd4 Ne5 9. Nc3 Bb4 10. Nb5 Nxf3+ 11. Qxf3 O-O 12. a3 Bxc3+ 13. Nxc3 Nd5 14.
O-O-O Qc7 15. Nxd5 exd5 16. Qxd5 Be6 17. Qc5 Qxc5 18. Bxc5 Rfc8 19. Be3 a5 20.
Rd4 Bb3 21. Rd2 a4 22. g4 Be6 23. h3 Rd8 24. Rhd1 Rxd2 25. Rxd2 h5 26. Rd4 hxg4
27. hxg4 Kf8 28. Rb4 Bd5 29. Bc5+ Ke8 30. Bd4 Kf8 31. Kd2 Bc6 32. Bc5+ Ke8 33.
Ke3 Ra5 34. Bd4 g6 35. Bf6 Kd7 36. g5 Ke6 37. f4 Rb5 38. Rc4 Ra5 39. Bc3 Ra8 40.
Rc5 Re8 41. Be5 Rd8 42. b3 Rd5 43. Rc4 axb3 44. cxb3 Rd1 45. Rb4 Rd5 46. a4 Rd1
47. Ke2 Rd8 48. Bf6 Rd7 49. Rc4 Rd6 50. Rc3 Kf5 51. Be5 Rd8 52. Ke3 Rd5 53. Bd4
Rd7 54. a5 Re7+ 55. Be5 Bd5 56. Kd4 Ke6 57. Kc5 Bg2 58. Kb6 Rd7 59. b4 Bf1 60.
Rc1 Bg2 61. b5 Rd8 62. Rc7 Rd7 63. Rc8 Rd2 64. Re8+ Kd7 65. Rb8 Ra2 66. Bf6 Ra4
67. Rd8+ Ke6 68. Be5 Ra3 69. Rb8 Kd7 70. Bc7 Rb3 71. Rd8+ Ke7 72. Rd2 Bc6 73.
Re2+ Kd7 74. Rd2+ Ke7 75. Re2+ Kd7 76. Rd2+ 1/2-1/2

[Event "TCh-RUS Women 2018"]
[Site "Sochi RUS"]
[Date "2018.05.10"]
[Round "9.6"]
[Board "1"]
[White "Suslova, Alena"]
[Black "Yakimenko, Viktoria"]
[Result "0-1"]
[WhiteTitle "WFM"]
[BlackTitle "WFM"]
[WhiteElo "2153"]
[BlackElo "2048"]
[WhiteTeam "Yuzny Ural Chelyabinsk"]
[BlackTeam "CVC Group"]
[WhiteFideId "24111643"]
[BlackFideId "24174998"]
[EventDate "2018.05.01"]

1. c4 f5 2. Nf3 Nf6 3. g3 e6 4. Bg2 c6 5. O-O Be7 6. b3 O-O 7. Bb2 d6 8. d4 b6
9. Nc3 Bb7 10. Qd3 d5 11. Ng5 Qd7 12. Qe3 Bc8 13. Rad1 Na6 14. Qc1 Nc7 15. Nf3
Bb7 16. Ne5 Qe8 17. Na4 Rc8 18. c5 b5 19. Nc3 b4 20. Nb1 a5 21. f3 Nd7 22. Nxd7
Qxd7 23. Rfe1 Qe8 24. Qc2 Bf6 25. e4 fxe4 26. fxe4 Qg6 27. Nd2 Nb5 28. Nf3 Rc7
29. Rd2 Qh5 30. Qd3 Ba6 31. Qe3 Rcf7 32. exd5 exd5 33. Qe6 Na7 34. g4 Qg6 35. g5
Bc8 36. Qd6 Bg4 37. gxf6 Rxf6 38. Ne5 Qg5 39. Bc1 Rxd6 40. cxd6 Bf5 41. Rf2 Qh4
42. Be3 Nb5 43. Nxc6 Nxd6 44. Bxd5+ Kh8 45. Bf4 Qg4+ 46. Bg3 h6 47. Rg2 Ne8 48.
Be5 Qh5 49. Rg3 Nf6 50. Ne7 Ng4 51. Bxg7+ Kxg7 52. h3 Qh4 53. Nxf5+ Rxf5 54.
Rxg4+ Rg5 55. Re7+ Kf8 56. Re4 h5 57. Rf4+ Ke7 58. Rf7+ Ke8 59. Rh7 Qe1+ 60. Kh2
hxg4 0-1